| 000 | 01439nam a22003137a 4500 | ||
|---|---|---|---|
| 005 | 20240530110435.0 | ||
| 008 | 150407s2010 xxuafk f b 000 0 eng d | ||
| 017 |
_a2010/4509 _bمصر . دار الكتب المصرية |
||
| 020 | _a9789774798994 | ||
| 040 | _aEG-CaGPL | ||
| 082 | 0 | 4 |
_221 _a916.22 _bق/ز ج |
| 100 | 1 | _aزيفى ، كريستيان | |
| 245 | 1 | 2 |
_aالجيزة فى الالفية الثالثة / _cتاليف كريستيان زيفى ؛ ترجمة و تقديم حسن نصر الدين |
| 250 | _aط1 | ||
| 260 |
_aالقاهرة : _bالمركز القومى للترجمة ، _c2010. |
||
| 300 |
_a418 ص : _bايض ؛ _c24 سم. |
||
| 490 |
_aالمشروع القومى للترجمة ؛ _v1450 |
||
| 504 | _aيشتمل على ارجاعات ببليوجرافية | ||
| 650 | 0 | 4 |
_aاللغة الفرعونية _xوثائق |
| 651 | 0 | 4 |
_aمصر القديمة _xتاريخ _xالدولة الحديثة |
| 651 | 0 | 4 |
_aالجيزة _xتاريخ _xالدولة الحديثة |
| 651 | 0 | 4 |
_aالجيزة _xجغرافيا _xالدولة الحديثة |
| 651 | 0 | 4 |
_aمصر القديمة _xتاريخ _xالدولة القديمة |
| 651 | 0 | 4 |
_aمصر القديمة _xتاريخ _xالدولة الوسطى |
| 651 | 0 | 4 |
_aالجيزة _xتاريخ _xالدولة الوسطى |
| 700 | 0 |
_aحسن نصر الدين _eمترجم و مقدم |
|
| 942 |
_2ddc _cBK |
||
| 999 |
_c60928 _d60928 |
||